Most Famous Band Members - Statistics

General Stats
  • This quiz has been taken 32 times
  • The average score is 10 of 23
Answer Stats
Group Hint Answer % Correct
The Beatles Vocals John Lennon
96%
Nirvana Vocals/Guitar Kurt Cobain
93%
The Beatles Bass Paul McCartney
93%
The Beatles Drums Ringo Starr
93%
The Beatles Guitar George Harrison
89%
Nirvana Drums Dave Grohl
86%
Green Day Vocals/Guitar Billie Joe Armstrong
75%
Red Hot Chili Peppers Bass Flea
68%
Red Hot Chili Peppers Vocals Anthony Kiedis
57%
The Smiths Vocals Morrissey
57%
Red Hot Chili Peppers Drums Chad Smith
54%
Green Day Drums Tre Cool
43%
Nirvana Bass Krist Novoselic
32%
The Smiths Guitar Johnny Marr
29%
The Strokes Vocals Julian Casablancas
18%
Green Day Bass Mike Dirnt
18%
The Smiths Bass Andy Rourke
11%
The Smiths Drums Mike Joyce
7%
The Strokes Lead Guitar Albert Hammond Jr.
4%
The Strokes Drums Fabrizio Moretti
4%
Red Hot Chili Peppers Guitar John Fruisciante
4%
The Strokes Rhythm Guitar Nick Valensi
4%
The Strokes Bass Nikolai Fraiture
4%
No matching quizzes found
Score Distribution
Percent of People with Each Score
Percentile by Number Answered
Your Score History
You have not taken this quiz